[Event "Monarch Assurance Isle of Man 15th"]
[Site "Port Erin IOM"]
[Date "2006.09.28"]
[Round "6.20"]
[White "Vasilevich, Tatjana"]
[Black "Siebrecht, Sebastian"]
[Result "1/2-1/2"]
[WhiteElo "2412"]
[BlackElo "2417"]
[PlyCount "82"]
[EventDate "2006.09.23"]
[EventType "swiss"]
[EventRounds "9"]
[EventCountry "IOM"]

1. d4 g6 2. c4 Bg7 3. e4 d6 4. Nc3 Nf6 5. f3 O-O 6. Be3 c5 7. d5 e6 8. Nge2
exd5 9. cxd5 a6 10. a4 Nbd7 11. Ng3 h5 12. Be2 h4 13. Nf1 Nh7 14. f4 Re8 15.
Qc2 Ndf6 16. Nd2 Nxe4 17. Ncxe4 f5 18. Nxd6 Qxd6 19. Nc4 Qxd5 20. Rd1 Qxg2 21.
Rg1 Qh3 22. Rxg6 Nf8 23. Rxg7+ Kxg7 24. Qc3+ Kh7 25. Kd2 Be6 26. Rg1 Rad8+ 27.
Kc1 Rd7 28. Ne5 Bf7 29. Nf3 Ne6 30. Rg7+ Nxg7 31. Ng5+ Kg6 32. Nxh3 Rde7 33.
Bf2 Rxe2 34. Bxh4 Nh5 35. Qxc5 Rg2 36. Ng5 Nxf4 37. Qd6+ Be6 38. Nxe6 Nxe6 39.
Kb1 Rg4 40. Qd7 Ng7 41. Be7 b5 1/2-1/2

[Event "Monarch Assurance Isle of Man 15th"]
[Site "Port Erin IOM"]
[Date "2006.09.28"]
[Round "6.21"]
[White "Stocek, Jiri"]
[Black "Sahl, Bjarke"]
[Result "1-0"]
[WhiteElo "2561"]
[BlackElo "2364"]
[PlyCount "75"]
[EventDate "2006.09.23"]
[EventType "swiss"]
[EventRounds "9"]
[EventCountry "IOM"]

1. d4 Nf6 2. c4 e6 3. Nf3 b6 4. Nc3 Bb4 5. Bg5 h6 6. Bh4 Bxc3+ 7. bxc3 d6 8.
Nd2 Nbd7 9. e4 e5 10. Bd3 Nf8 11. f3 Ne6 12. a4 Nf4 13. Bf1 Qe7 14. a5 O-O 15.
Qc2 a6 16. Bf2 Rb8 17. h4 Nd7 18. g3 Ne6 19. Be2 c5 20. dxe5 dxe5 21. axb6 h5
22. Nf1 g6 23. Ne3 Nxb6 24. Nd5 Nxd5 25. cxd5 Nc7 26. Qd2 Nb5 27. Qe3 Bb7 28.
O-O Rfc8 29. Rfb1 c4 30. Rb4 Nd4 31. Bd1 Nb5 32. Rab1 Nd6 33. Be2 f5 34. Rb6
fxe4 35. Qh6 Qf6 36. fxe4 Rf8 37. Bc5 Rbd8 38. Ra1 1-0

[Event "Monarch Assurance Isle of Man 15th"]
[Site "Port Erin IOM"]
[Date "2006.09.28"]
[Round "6.22"]
[White "Eggleston, David J"]
[Black "Hebden, Mark"]
[Result "0-1"]
[WhiteElo "2232"]
[BlackElo "2532"]
[PlyCount "78"]
[EventDate "2006.09.23"]
[EventType "swiss"]
[EventRounds "9"]
[EventCountry "IOM"]

1. d4 Nf6 2. c4 c5 3. d5 b5 4. cxb5 a6 5. bxa6 g6 6. Nc3 Bxa6 7. Nf3 d6 8. g3
Bg7 9. Bg2 Nbd7 10. O-O O-O 11. Rb1 Qa5 12. Qc2 Nb6 13. Rd1 Ng4 14. Bg5 Nc4 15.
h3 Nge5 16. Nxe5 Bxe5 17. Bxe7 Rfe8 18. Bg5 Nxb2 19. Rdc1 Nc4 20. Rb3 Na3 21.
Qd1 c4 22. Rxa3 Qxa3 23. Ne4 Qxa2 24. Nf6+ Bxf6 25. Bxf6 Qxe2 26. Qd4 Qd3 27.
Qf4 Qf5 28. Qxd6 g5 29. Bd4 Qg6 30. Qd7 Rad8 31. Qg4 Bc8 32. Qf3 Bf5 33. Bb2
Bd3 34. Rxc4 Bxc4 35. Qc3 f6 36. Qxc4 Qb1+ 37. Kh2 Qxb2 38. d6+ Kh8 39. Qf7
Qxf2 0-1

[Event "Monarch Assurance Isle of Man 15th"]
[Site "Port Erin IOM"]
[Date "2006.09.28"]
[Round "6.23"]
[White "Hanley, Craig A"]
[Black "Sharma, Dinesh K"]
[Result "1/2-1/2"]
[WhiteElo "2419"]
[BlackElo "2358"]
[PlyCount "139"]
[EventDate "2006.09.23"]
[EventType "swiss"]
[EventRounds "9"]
[EventCountry "IOM"]

1. e4 c5 2. Nf3 Nc6 3. d4 cxd4 4. Nxd4 Qc7 5. Nc3 e6 6. Be2 a6 7. O-O Nf6 8.
Be3 Bb4 9. Na4 Be7 10. Nxc6 bxc6 11. Nb6 Rb8 12. Nxc8 Qxc8 13. Bd4 c5 14. Be5
Rb6 15. a4 O-O 16. a5 Rb4 17. Bc3 Rb8 18. Qd3 Ra8 19. e5 Ne8 20. f4 d5 21. f5
exf5 22. Qxd5 Nc7 23. Qf3 g6 24. Bc4 Ne6 25. Qg3 Nd4 26. h4 Qe6 27. b3 Qxc4 28.
bxc4 Ne2+ 29. Kf2 Nxg3 30. Kxg3 Rfd8 31. Rfd1 Kf8 32. Rab1 Rxd1 33. Rxd1 h5 34.
Rd7 Ke8 35. Rb7 Rc8 36. Rb6 Ra8 37. e6 fxe6 38. Rxe6 Kf7 39. Rc6 Ra7 40. Be5
Ra8 41. Kh3 Ra7 42. g3 Ra8 43. c3 Ra7 44. Kg2 Bd8 45. Rxc5 Rd7 46. Rc6 Rd2+ 47.
Kf3 Ra2 48. Bc7 Bxc7 49. Rxc7+ Kf8 50. Ke3 Rxa5 51. Kd4 Ke8 52. c5 Ra4+ 53. c4
Ra3 54. c6 Kd8 55. Rg7 Rxg3 56. Kd5 Kc8 57. Kc5 Rg2 58. Ra7 Ra2 59. Rb7 Ra3 60.
Rg7 Rg3 61. Kb6 Rb3+ {(=)} 62. Kc5 Rg3 63. c7 Kb7 64. Rd7 Rg4 65. Kd5 Rxh4 66.
c5 Rh1 67. Kd6 Rc1 68. Rd8 Rd1+ 69. Ke5 Re1+ 70. Kd6 1/2-1/2

[Event "Monarch Assurance Isle of Man 15th"]
[Site "Port Erin IOM"]
[Date "2006.09.28"]
[Round "6.25"]
[White "Peek, Marcel"]
[Black "Mannion, Stephen"]
[Result "1-0"]
[WhiteElo "2367"]
[BlackElo "2346"]
[PlyCount "81"]
[EventDate "2006.09.23"]
[EventType "swiss"]
[EventRounds "9"]
[EventCountry "IOM"]

1. d4 d5 2. Nf3 Nf6 3. c4 dxc4 4. e3 e6 5. Bxc4 c5 6. Qe2 a6 7. dxc5 Bxc5 8.
O-O Nc6 9. e4 b5 10. Bb3 Nd4 11. Nxd4 Qxd4 12. Be3 Qe5 13. Bxc5 Qxc5 14. Nc3
O-O 15. Rad1 Bb7 16. e5 Qc6 17. f4 Nd7 18. Rd6 Qc7 19. Bc2 Rfc8 20. Bxh7+ Kxh7
21. Qd3+ Kg8 22. Rxd7 Qc6 23. Rf2 b4 24. Nd1 a5 25. h3 Ba6 26. Qd2 Bc4 27. Rd6
Qe4 28. Rd4 Qb1 29. b3 Bd5 30. Kh2 Rc1 31. Ne3 Rh1+ 32. Kg3 Qg6+ 33. Ng4 Rc8
34. Rd3 Rcc1 35. f5 exf5 36. Rxd5 fxg4 37. hxg4 Rc3+ 38. Rf3 Rhc1 39. Rd8+ Kh7
40. Qf4 R1c2 41. g5 1-0

[Event "Monarch Assurance Isle of Man 15th"]
[Site "Port Erin IOM"]
[Date "2006.09.28"]
[Round "6.26"]
[White "Spence, David J"]
[Black "Arkell, Keith"]
[Result "0-1"]
[WhiteElo "2205"]
[BlackElo "2479"]
[PlyCount "98"]
[EventDate "2006.09.23"]
[EventType "swiss"]
[EventRounds "9"]
[EventCountry "IOM"]

1. d4 Nf6 2. Nf3 e6 3. e3 c5 4. Bd3 cxd4 5. exd4 d6 6. O-O Nbd7 7. c3 b6 8. Bg5
Bb7 9. Re1 Be7 10. Nbd2 O-O 11. Qe2 Re8 12. a4 a6 13. Rad1 Nd5 14. Bxe7 Qxe7
15. Qe4 N7f6 16. Qh4 g6 17. Ng5 Kg7 18. Nge4 Nxe4 19. Qxe7 Nxe7 20. Bxe4 Bxe4
21. Nxe4 d5 22. Nd2 b5 23. axb5 axb5 24. Ra1 b4 25. Kf1 Rec8 26. Rxa8 Rxa8 27.
Ke2 Ra2 28. Rb1 bxc3 29. bxc3 Nf5 30. Kd3 g5 31. Re1 g4 32. g3 Nd6 33. Re2 h5
34. f3 Ra1 35. fxg4 hxg4 36. Rf2 f5 37. Nb3 Ra3 38. Nc5 Ne4 39. Nxe4 fxe4+ 40.
Kd2 Ra2+ 41. Ke3 Rxf2 42. Kxf2 Kf6 43. Kg2 e3 44. Kf1 Kf5 45. Ke1 e5 46. dxe5
Kxe5 47. Kd1 Ke4 48. Ke2 d4 49. cxd4 Kxd4 0-1

[Event "Monarch Assurance Isle of Man 15th"]
[Site "Port Erin IOM"]
[Date "2006.09.28"]
[Round "6.27"]
[White "Williams, Simon K"]
[Black "Hutchinson, Norman A"]
[Result "1-0"]
[WhiteElo "2473"]
[BlackElo "2107"]
[PlyCount "55"]
[EventDate "2006.09.23"]
[EventType "swiss"]
[EventRounds "9"]
[EventCountry "IOM"]

1. d4 Nf6 2. c4 e6 3. Nf3 b6 4. g3 Ba6 5. Qc2 c5 6. d5 exd5 7. cxd5 g6 8. Bg2
d6 9. Nc3 Bg7 10. O-O O-O 11. Re1 Ng4 12. h3 Ne5 13. Nxe5 Bxe5 14. f4 Bd4+ 15.
e3 Re8 16. Bd2 Bg7 17. Ne4 Qe7 18. Bc3 Nd7 19. Bxg7 Kxg7 20. a4 h6 21. Nc3 Nf6
22. e4 g5 23. e5 Nh5 24. Qf5 Bc8 25. e6 Qf6 26. Qxf6+ Nxf6 27. Nb5 fxe6 28. Nc7
1-0

[Event "Monarch Assurance Isle of Man 15th"]
[Site "Port Erin IOM"]
[Date "2006.09.28"]
[Round "6.28"]
[White "Roy Chowdhury, Saptarshi"]
[Black "Walton, Alan J"]
[Result "0-1"]
[WhiteElo "2394"]
[BlackElo "2222"]
[PlyCount "64"]
[EventDate "2006.09.23"]
[EventType "swiss"]
[EventRounds "9"]
[EventCountry "IOM"]

1. e4 e6 2. d4 d5 3. e5 c5 4. c3 Nc6 5. Nf3 Qb6 6. a3 Nh6 7. b4 cxd4 8. cxd4
Nf5 9. Bb2 Bd7 10. g4 Nh6 11. Rg1 f6 12. exf6 gxf6 13. g5 fxg5 14. Nxg5 O-O-O
15. Nd2 Be7 16. b5 Nxd4 17. a4 e5 18. a5 Qf6 19. b6 a6 20. Bxd4 exd4 21. Qc2+
Bc6 22. Rc1 Qe5+ 23. Kd1 Bxg5 24. Bxa6 Rd6 25. Bxb7+ Kxb7 26. a6+ Kb8 27. a7+
Ka8 28. b7+ Bxb7 29. Rb1 Rd7 30. Qa4 Rhd8 31. Nf3 Qe4 32. Qb3 d3 0-1

[Event "Monarch Assurance Isle of Man 15th"]
[Site "Port Erin IOM"]
[Date "2006.09.28"]
[Round "6.29"]
[White "Collier, David"]
[Black "Kononenko, Tatiana"]
[Result "0-1"]
[WhiteElo "2175"]
[BlackElo "2387"]
[PlyCount "78"]
[EventDate "2006.09.23"]
[EventType "swiss"]
[EventRounds "9"]
[EventCountry "IOM"]

1. Nf3 d5 2. c4 d4 3. b4 g6 4. d3 Bg7 5. g3 e5 6. Bb2 Ne7 7. Bg2 O-O 8. O-O a5
9. a3 c5 10. bxa5 Rxa5 11. Nbd2 Bd7 12. e4 dxe3 13. fxe3 e4 14. Ne5 Ba4 15. Qc1
exd3 16. Bc3 Ra6 17. Ne4 f5 18. Nxd3 Qxd3 19. Bxg7 Kxg7 20. Nxc5 Qd6 21. Nxa6
bxa6 22. Rb1 Nbc6 23. Rb6 a5 24. c5 Qd3 25. Re1 Rf6 26. Bf1 Qc2 27. Qa1 Qxc5
28. Rb7 Ne5 29. Bg2 Re6 30. Qa2 Kf6 31. Rb8 Bc6 32. Rh8 Bxg2 33. Kxg2 Qc6+ 34.
e4 Kg7 35. Rd8 fxe4 36. Kh3 Nf7 37. Qb2+ Rf6 38. Rb8 Ng5+ 39. Kg4 Qe6+ 0-1

[Event "Monarch Assurance Isle of Man 15th"]
[Site "Port Erin IOM"]
[Date "2006.09.28"]
[Round "6.30"]
[White "Devereaux, Max"]
[Black "Lunn, Timothy"]
[Result "1-0"]
[WhiteElo "2377"]
[BlackElo "2079"]
[PlyCount "55"]
[EventDate "2006.09.23"]
[EventType "swiss"]
[EventRounds "9"]
[EventCountry "IOM"]

1. e4 c5 2. Na3 a6 3. c3 g6 4. Nf3 Bg7 5. Be2 Nc6 6. O-O d6 7. d4 Nf6 8. d5 Nb8
9. h3 O-O 10. Qd3 b5 11. Bf4 Nbd7 12. Rad1 Nb6 13. Qe3 Qc7 14. Rfe1 Bd7 15. Bf1
c4 16. Nc2 Rfe8 17. Qc1 Qb7 18. Bh6 Rad8 19. g3 Na4 20. Bxg7 Kxg7 21. Rd4 Nc5
22. e5 dxe5 23. Rh4 h5 24. Rxe5 Bc8 25. Ne3 Ncd7 26. Rexh5 Nxh5 27. Nf5+ Kg8
28. Rxh5 1-0

[Event "Monarch Assurance Isle of Man 15th"]
[Site "Port Erin IOM"]
[Date "2006.09.28"]
[Round "6.31"]
[White "Sarakauskiene, Zivile"]
[Black "Zozulia, Anna"]
[Result "0-1"]
[WhiteElo "2158"]
[BlackElo "2352"]
[PlyCount "84"]
[EventDate "2006.09.23"]
[EventType "swiss"]
[EventRounds "9"]
[EventCountry "IOM"]

1. e4 g6 2. d4 Bg7 3. Be2 d6 4. h4 Nf6 5. Nc3 h5 6. Nh3 c6 7. Ng5 Qb6 8. Na4
Qa5+ 9. Nc3 b5 10. O-O O-O 11. a4 Nbd7 12. Bd2 b4 13. Na2 Rb8 14. Nc1 c5 15. d5
Qc7 16. Nd3 a5 17. c4 bxc3 18. Bxc3 c4 19. Ne1 Nc5 20. Qc2 Nb3 21. Ra3 Bg4 22.
Nef3 Rfc8 23. Rd1 Nd7 24. Bxg7 Kxg7 25. Qc3+ Nf6 26. Re1 Qc5 27. Bd1 Qb4 28.
Qe3 Bxf3 29. Bxf3 c3 30. Rxb3 Qxb3 31. bxc3 Qxc3 32. Qe2 Rb2 33. Qf1 Qc4 34.
Bd1 Qxf1+ 35. Kxf1 Rc1 36. f3 Nd7 37. Nh3 Nc5 38. Nf2 Rd2 39. Be2 Rxe1+ 40.
Kxe1 Ra2 41. Nd1 Nxa4 42. Ne3 Nc5 0-1

[Event "Monarch Assurance Isle of Man 15th"]
[Site "Port Erin IOM"]
[Date "2006.09.28"]
[Round "6.32"]
[White "Savory, Richard J"]
[Black "Ashton, Adam"]
[Result "1/2-1/2"]
[WhiteElo "2101"]
[BlackElo "2329"]
[PlyCount "121"]
[EventDate "2006.09.23"]
[EventType "swiss"]
[EventRounds "9"]
[EventCountry "IOM"]

1. e4 e5 2. Nf3 Nc6 3. d4 exd4 4. Nxd4 Nf6 5. Nxc6 bxc6 6. Bd3 d6 7. O-O g6 8.
Nc3 Bg7 9. f4 O-O 10. Kh1 Ng4 11. Qe1 f5 12. exf5 gxf5 13. h3 Nf6 14. Be3 c5
15. Rd1 {(=)} Qe8 16. Bc4+ Be6 17. Bxe6+ Qxe6 18. Qd2 Kh8 19. Rfe1 Qf7 20. Bg1
Bh6 21. Be3 Rae8 22. g3 Rg8 23. Bf2 Ref8 24. Re2 Rg7 25. Rde1 Rfg8 26. Qe3 Qh5
27. Kg2 Qh4 28. g4 Rxg4+ 29. hxg4 Qxg4+ 30. Bg3 Bxf4 31. Qf3 Qxg3+ 32. Qxg3
Rxg3+ 33. Kf1 Be5 34. Rxe5 dxe5 35. Rxe5 Ng4 36. Rxc5 h5 37. Nd1 Nh6 38. Rxc7
h4 39. Rc4 Ng4 40. Rc3 Rxc3 41. Nxc3 Ne3+ 42. Kf2 Nxc2 43. Kg2 Kg7 44. Kh3 Kf6
45. Kxh4 Ke5 46. Kg3 Nb4 47. Kf3 Nd3 48. b3 a6 49. Ne2 Nb4 50. Nc3 Kd4 51. Ne2+
Ke5 52. Nc3 Nc6 53. Ne2 Nd4+ 54. Nxd4 Kxd4 55. Kf4 Kc3 56. Kxf5 Kb2 57. a4 Kxb3
58. a5 Kb4 59. Ke4 Kxa5 60. Kd3 Kb4 61. Kc2 1/2-1/2

[Event "Monarch Assurance Isle of Man 15th"]
[Site "Port Erin IOM"]
[Date "2006.09.28"]
[Round "6.33"]
[White "Szieberth, Adam"]
[Black "Fairbairn, Stephen"]
[Result "1-0"]
[WhiteElo "2328"]
[BlackElo "2088"]
[PlyCount "69"]
[EventDate "2006.09.23"]
[EventType "swiss"]
[EventRounds "9"]
[EventCountry "IOM"]

1. e4 e5 2. Nf3 Nf6 3. Nxe5 d6 4. Nf3 Nxe4 5. Nc3 Nxc3 6. dxc3 Be7 7. Bf4 O-O
8. Qd2 Nd7 9. O-O-O Nc5 10. Nd4 Bf6 11. f3 Ne6 12. Be3 Nxd4 13. cxd4 Be6 14. d5
Bd7 15. g4 g6 16. h4 Re8 17. g5 Bh8 18. h5 Qe7 19. Bf2 Bf5 20. Bb5 c6 21. dxc6
bxc6 22. Bxc6 Rec8 23. Bxa8 Rxc2+ 24. Qxc2 Bxc2 25. Rde1 Be5 26. Kxc2 Qc7+ 27.
Kb1 Qb8 28. Rxe5 dxe5 29. Be4 gxh5 30. Rxh5 Qd8 31. Rh1 a5 32. Bc2 Qd2 33. Bc5
Qd5 34. Be7 Qxf3 35. Bf6 1-0

[Event "Monarch Assurance Isle of Man 15th"]
[Site "Port Erin IOM"]
[Date "2006.09.28"]
[Round "6.34"]
[White "Fox, Anthony"]
[Black "Mohota, Nisha"]
[Result "0-1"]
[WhiteElo "2117"]
[BlackElo "2313"]
[PlyCount "76"]
[EventDate "2006.09.23"]
[EventType "swiss"]
[EventRounds "9"]
[EventCountry "IOM"]

1. e4 c5 2. Nc3 Nc6 3. Bb5 Nd4 4. Bc4 g6 5. Nf3 Bg7 6. d3 e6 7. O-O a6 8. a4
Ne7 9. Nxd4 cxd4 10. Ne2 d5 11. exd5 Nxd5 12. Re1 O-O 13. Bd2 b6 14. c3 dxc3
15. Nxc3 Bb7 16. Qb3 Rc8 17. Ne4 h6 18. Qa3 Rc6 19. Rac1 f5 20. Nc3 Kh7 21.
Nxd5 exd5 22. Re7 Ba8 23. Rce1 dxc4 24. Bc3 Rcf6 25. Bxf6 Rxf6 26. dxc4 Be4 27.
Ra7 Rd6 28. Qc3 Rd7 29. Rxd7 Qxd7 30. Qb4 Qd4 31. b3 a5 32. Qe7 Qc3 33. Rf1
Qxb3 34. h4 Qxc4 35. Rd1 Bxg2 36. h5 gxh5 37. f3 Bxf3 38. Re1 Qg4+ 0-1

[Event "Monarch Assurance Isle of Man 15th"]
[Site "Port Erin IOM"]
[Date "2006.09.28"]
[Round "6.35"]
[White "Meenakshi, S1."]
[Black "Zimmerman, Yuri"]
[Result "1-0"]
[WhiteElo "2310"]
[BlackElo "2374"]
[PlyCount "73"]
[EventDate "2006.09.23"]
[EventType "swiss"]
[EventRounds "9"]
[EventCountry "IOM"]

1. d4 d6 2. c4 g6 3. Nf3 Bg7 4. g3 Nf6 5. Nc3 O-O 6. Bg2 Nc6 7. O-O a6 8. Re1
e5 9. dxe5 dxe5 10. Bg5 Be6 11. Nd2 h6 12. Bxf6 Bxf6 13. Nde4 Be7 14. Nd5 Nd4
15. Qd2 Kg7 16. e3 Nf5 17. Qc3 f6 18. Red1 Qc8 19. Nxe7 Nxe7 20. Nc5 Rb8 21.
Qb4 Bg4 22. Rd2 a5 23. Qa3 b6 24. h3 Bf5 25. g4 bxc5 26. gxf5 Rd8 27. Rad1 Rxd2
28. Rxd2 Nxf5 29. Qxa5 Rb6 30. Qxc5 Rd6 31. Rd5 Qd8 32. a4 Nh4 33. Rxd6 cxd6
34. Qa7+ Kh8 35. Qa8 Qxa8 36. Bxa8 Nf5 37. a5 1-0

[Event "Monarch Assurance Isle of Man 15th"]
[Site "Port Erin IOM"]
[Date "2006.09.28"]
[Round "6.36"]
[White "Majer, Chris"]
[Black "Cafolla, Peter"]
[Result "1-0"]
[WhiteElo "1991"]
[BlackElo "2062"]
[PlyCount "59"]
[EventDate "2006.09.23"]
[EventType "swiss"]
[EventRounds "9"]
[EventCountry "IOM"]

1. e4 c5 2. d4 cxd4 3. c3 dxc3 4. Nxc3 e6 5. Nf3 a6 6. Bc4 Qc7 7. Qe2 Bb4 8.
O-O b5 9. Bb3 Nc6 10. e5 d5 11. exd6 Bxd6 12. Ne4 Be7 13. Bg5 h6 14. Bxe7 Ngxe7
15. Rac1 O-O 16. Nc5 Rd8 17. Qe4 Nd5 18. Rfe1 Qd6 19. Red1 Ra7 20. Bc2 f5 21.
Qh4 Nce7 22. Nd3 Nc6 23. Bb3 Bb7 24. Nc5 Ba8 25. Nxe6 Qxe6 26. Rxc6 Qe8 27.
Rxd5 Rxd5 28. Bxd5+ Kh7 29. Ng5+ Kh8 30. Rxh6+ 1-0

[Event "Monarch Assurance Isle of Man 15th"]
[Site "Port Erin IOM"]
[Date "2006.09.28"]
[Round "6.37"]
[White "Groffen, Hans"]
[Black "Spanton, Tim"]
[Result "1-0"]
[WhiteElo "2171"]
[BlackElo "2075"]
[PlyCount "65"]
[EventDate "2006.09.23"]
[EventType "swiss"]
[EventRounds "9"]
[EventCountry "IOM"]

1. d4 d5 2. Nf3 Nc6 3. c4 Bg4 4. Nc3 e6 5. cxd5 Bxf3 6. gxf3 exd5 7. Bf4 Bd6 8.
Bg3 Nge7 9. e3 O-O 10. Bh3 Re8 11. O-O Bxg3 12. hxg3 a6 13. Rc1 Qd6 14. Qc2 h5
15. Ne2 g5 16. a3 Kg7 17. Qc5 Qh6 18. e4 Rad8 19. Rfe1 Rh8 20. f4 g4 21. Bg2 h4
22. gxh4 Qxh4 23. exd5 b6 24. Qc3 Nxd5 25. Qxc6 Rd6 26. Qxd6 Qh2+ 27. Kf1 Ne3+
28. fxe3 cxd6 29. Ng1 Rh5 30. d5 Rf5 31. Rc4 g3 32. Re2 Qh7 33. Be4 1-0

[Event "Monarch Assurance Isle of Man 15th"]
[Site "Port Erin IOM"]
[Date "2006.09.28"]
[Round "6.38"]
[White "Marks, Ian A"]
[Black "Henrichsen, Jens"]
[Result "1-0"]
[WhiteElo "1944"]
[BlackElo "2106"]
[PlyCount "37"]
[EventDate "2006.09.23"]
[EventType "swiss"]
[EventRounds "9"]
[EventCountry "IOM"]

1. e4 c5 2. Nf3 d6 3. d4 cxd4 4. Nxd4 Nf6 5. Nc3 a6 6. Bg5 e6 7. f4 Nbd7 8. Qf3
Qc7 9. O-O-O Be7 10. Bd3 h6 11. h4 b5 12. e5 Bb7 13. Ne4 Nxe4 14. Bxe4 Bxe4 15.
Qxe4 d5 16. Nxe6 Qc6 17. Nxg7+ Kf8 18. Bxe7+ Kxg7 19. Qxd5 1-0

[Event "Monarch Assurance Isle of Man 15th"]
[Site "Port Erin IOM"]
[Date "2006.09.28"]
[Round "6.39"]
[White "Fraser-Mitchell, Jeremy"]
[Black "De Lagontrie, Jean"]
[Result "1/2-1/2"]
[WhiteElo "2077"]
[BlackElo "1974"]
[PlyCount "87"]
[EventDate "2006.09.23"]
[EventType "swiss"]
[EventRounds "9"]
[EventCountry "IOM"]

1. d4 Nf6 2. c4 c5 3. d5 b5 4. cxb5 a6 5. Nc3 axb5 6. e4 b4 7. Nb5 d6 8. Bc4
Nbd7 9. Nf3 g6 10. e5 Nxe5 11. Nxe5 dxe5 12. d6 exd6 13. Bg5 Be7 14. Bxf6 Bxf6
15. Qd5 Be6 16. Qc6+ Ke7 17. Bxe6 fxe6 18. Rd1 Rc8 19. Qb7+ Qd7 20. Qxd7+ Kxd7
21. Nxd6 Ra8 22. Ne4+ Ke7 23. Nxc5 e4 24. Rd7+ Ke8 25. Rc7 Rxa2 26. O-O Bxb2
27. Nxe6 Ra1 28. Rb7 Rxf1+ 29. Kxf1 Bc3 30. Ke2 h5 31. Ke3 Rg8 32. Kxe4 g5 33.
Kd5 g4 34. Kd6 Bf6 35. Nc7+ Kf7 36. Nd5+ Kg6 37. Nxf6 Kxf6 38. Rxb4 Rd8+ 39.
Kc7 Rd2 {(=)} 40. Rf4+ Kg5 41. Rf8 h4 42. Rg8+ Kh5 43. Rh8+ Kg5 44. Rg8+
1/2-1/2

[Event "Monarch Assurance Isle of Man 15th"]
[Site "Port Erin IOM"]
[Date "2006.09.28"]
[Round "6.41"]
[White "Henderikse, Bert"]
[Black "Ormsby, Alan"]
[Result "1-0"]
[WhiteElo "2019"]
[BlackElo "1939"]
[PlyCount "123"]
[EventDate "2006.09.23"]
[EventType "swiss"]
[EventRounds "9"]
[EventCountry "IOM"]

1. Nf3 d5 2. b3 Nf6 3. Bb2 Bf5 4. g3 e6 5. Bg2 Be7 6. O-O O-O 7. d3 Nbd7 8. c4
c6 9. Nbd2 h6 10. Re1 Qc7 11. Rc1 Rad8 12. a3 Rfe8 13. b4 Qb8 14. Qb3 Bh7 15.
e4 dxe4 16. dxe4 Nf8 17. Bf1 N6d7 18. e5 c5 19. b5 Bf5 20. Qe3 Nb6 21. h3 Bg6
22. Ne4 Bxe4 23. Qxe4 Na4 24. Ba1 Qc7 25. Bd3 Rd7 26. Bc2 Nb6 27. Bc3 Nc8 28.
Rcd1 Red8 29. Rxd7 Rxd7 30. a4 Bd8 31. h4 Ne7 32. g4 b6 33. Qe3 Nc8 34. Kg2 Be7
35. Rg1 Qd8 36. g5 h5 37. Kh1 g6 38. Nd2 Nh7 39. Ne4 Bf8 40. Nf6+ Nxf6 41. gxf6
Kh8 42. Rg3 Qe8 43. Kg2 a6 44. Be4 Na7 45. Bf3 Kh7 46. Be4 Bh6 47. Qf3 Kh8 48.
Qe2 Rc7 49. Bd2 Bf8 50. Rg5 Rd7 51. Be3 axb5 52. axb5 Rd8 53. Rxh5+ Kg8 54. Rg5
Bh6 55. Rg3 Bxe3 56. fxe3 Qd7 57. h5 g5 58. Rxg5+ Kh8 59. Rg7 Qd2 60. Qxd2
Rxd2+ 61. Kf3 Nc6 62. bxc6 1-0

[Event "Monarch Assurance Isle of Man 15th"]
[Site "Port Erin IOM"]
[Date "2006.09.29"]
[Round "7.19"]
[White "Dworakowska, Joanna"]
[Black "Ikonnikov, Vyacheslav"]
[Result "1/2-1/2"]
[WhiteElo "2359"]
[BlackElo "2587"]
[PlyCount "140"]
[EventDate "2006.09.23"]
[EventType "swiss"]
[EventRounds "9"]
[EventCountry "IOM"]

1. e4 c5 2. Nf3 Nc6 3. Bb5 g6 4. Bxc6 dxc6 5. d3 Bg7 6. h3 b6 7. O-O Nh6 8. a3
O-O 9. Nc3 f6 10. b4 cxb4 11. axb4 e5 12. Bb2 Be6 13. Ra6 Rf7 14. Qe1 Bf8 15.
Bc1 Rb7 16. Be3 Nf7 17. Qa1 Qc7 18. Nd2 Rd8 19. b5 c5 20. Re1 Rd7 21. Nc4 Nd6
22. Nxd6 Qxd6 23. Nd1 f5 24. f3 f4 25. Bf2 g5 26. Nb2 Bg7 27. Kf1 h5 28. Ke2
Bf6 29. Qa3 Re7 30. Na4 Qc7 31. c4 Qc8 32. Nxc5 bxc5 33. Bxc5 Re8 34. Rxa7 Rd8
35. Rxb7 Qxb7 36. Qa7 Rd7 37. Qxb7 Rxb7 38. Ra1 Kf7 39. Kd2 g4 40. hxg4 hxg4
41. fxg4 Bxg4 42. Ra7 Rxa7 43. Bxa7 Ke7 44. c5 Kd7 45. Bb8 Kc8 46. Bd6 Kd7 47.
Kc3 f3 48. gxf3 Bxf3 49. Bf8 Bd8 50. Kc4 Be2 51. c6+ Kc8 52. Bc5 Ba5 53. Bf2
Kc7 54. Bc5 Bb6 55. Be7 Bd4 56. Bf6 Bh5 57. Be7 Be2 58. Bb4 Bb6 59. Bc3 Kd6 60.
Ba1 Bg4 61. Bc3 Be6+ 62. Kb4 Ba2 63. Bd2 Bc5+ 64. Kc3 Kc7 65. Kb2 Be6 66. Ba5+
Kd6 67. Kc2 Bd4 68. Bb4+ Kc7 69. Ba5+ Kd6 70. Bb4+ Kc7 1/2-1/2

[Event "Monarch Assurance Isle of Man 15th"]
[Site "Port Erin IOM"]
[Date "2006.09.30"]
[Round "8.3"]
[White "Shabalov, Alexander"]
[Black "Krasenkow, Michal"]
[Result "1/2-1/2"]
[WhiteElo "2604"]
[BlackElo "2635"]
[PlyCount "126"]
[EventDate "2006.09.23"]
[EventType "swiss"]
[EventRounds "9"]
[EventCountry "IOM"]

1. e4 c5 2. Nf3 Nc6 3. d4 cxd4 4. Nxd4 Nf6 5. Nc3 e5 6. Ndb5 d6 7. Bg5 a6 8.
Na3 b5 9. Bxf6 gxf6 10. Nd5 f5 11. Bd3 Be6 12. O-O Bxd5 13. exd5 Ne7 14. Qh5 e4
15. Be2 Bg7 16. c3 O-O 17. Nc2 f4 18. f3 f5 19. fxe4 fxe4 20. Bg4 Qc7 21. Rad1
Kh8 22. Nd4 Qc5 23. Kh1 Qxd5 24. Nf5 Qe5 25. Nxd6 Qxh5 26. Bxh5 e3 27. g3 Be5
28. Ne4 fxg3 29. hxg3 Rf5 30. Be2 Rg8 31. Kh2 h5 32. Kh3 Bb8 33. Rd7 Re5 34.
Nf6 Rf8 35. Kg2 h4 36. Ng4 Rxf1 37. Kxf1 Rf5+ 38. Kg2 Ng6 39. Rd8+ Rf8 40.
Rxf8+ Nxf8 41. gxh4 Ng6 42. h5 Nf4+ 43. Kf3 Nxh5 44. Kxe3 Kg7 45. Bf3 Nf6 46.
Kd4 Ba7+ 47. Ke5 Bb8+ 48. Ke6 Nxg4 49. Bxg4 Bf4 50. Kd5 Kf6 51. Bc8 a5 52. Kc5
b4 53. cxb4 axb4 54. Kxb4 Ke7 55. Kb5 Kd8 56. Bg4 Kc7 57. b4 Bd2 58. a4 Kd6 59.
a5 Be1 60. Bf3 Bd2 61. Ka4 Be1 62. b5 Kc5 63. b6 Bd2 1/2-1/2

[Event "Monarch Assurance Isle of Man 15th"]
[Site "Port Erin IOM"]
[Date "2006.09.30"]
[Round "8.4"]
[White "Volkov, Sergey1"]
[Black "Vijayalakshmi, Subbaraman"]
[Result "1-0"]
[WhiteElo "2628"]
[BlackElo "2417"]
[PlyCount "135"]
[EventDate "2006.09.23"]
[EventType "swiss"]
[EventRounds "9"]
[EventCountry "IOM"]

1. d4 Nf6 2. c4 e6 3. Nc3 Bb4 4. f3 d5 5. a3 Be7 6. e4 dxe4 7. fxe4 e5 8. d5
Ng4 9. Nf3 Bc5 10. Na4 Bf2+ 11. Ke2 Bh4 12. g3 Be7 13. h3 Nf6 14. Qd3 O-O 15.
Kf2 c6 16. Nc3 b5 17. cxb5 cxd5 18. Nxd5 Nxd5 19. Qxd5 Qxd5 20. exd5 Nd7 21.
Be3 Bb7 22. Bc4 Bd6 23. Rhd1 Rfc8 24. Rac1 Nb6 25. Bb3 Rxc1 26. Bxc1 Nd7 27.
Be3 f5 28. Nd2 f4 29. gxf4 exf4 30. Bd4 Nc5 31. Bc4 Bc8 32. b4 Nb7 33. Bf1 Be7
34. Nc4 Bf5 35. Be5 Bh4+ 36. Kf3 Rf8 37. Nd6 Nxd6 38. Bxd6 Rf7 39. Bc5 g5 40.
d6 h5 41. Bc4 g4+ 42. Ke2 gxh3 43. Rh1 Bg3 44. Bxa7 h2 45. b6 f3+ 46. Kxf3 Bxd6
47. Ke3 Bc8 48. Rf1 Bf4+ 49. Kd4 Bb7 50. Bxf7+ Kxf7 51. Rxf4+ Ke6 52. Rh4 h1=Q
53. Rxh1 Bxh1 54. Bb8 Kd7 55. Kc5 Bf3 56. a4 Kc8 57. Bh2 Kb7 58. b5 h4 59. a5
Ka8 60. a6 Bb7 61. axb7+ Kxb7 62. Bf4 h3 63. Bg3 h2 64. Bxh2 Ka8 65. Bg3 Kb7
66. Bf2 Ka8 67. Kc6 Kb8 68. Bg3+ 1-0

[Event "Monarch Assurance Isle of Man 15th"]
[Site "Port Erin IOM"]
[Date "2006.09.30"]
[Round "8.5"]
[White "Malakhatko, Vadim"]
[Black "Khenkin, Igor"]
[Result "1/2-1/2"]
[WhiteElo "2594"]
[BlackElo "2586"]
[PlyCount "20"]
[EventDate "2006.09.23"]
[EventType "swiss"]
[EventRounds "9"]
[EventCountry "IOM"]

1. Nf3 d5 2. c4 c6 3. d4 Nf6 4. e3 e6 5. Bd3 dxc4 6. Bxc4 Nbd7 7. Nc3 b5 8. Bd3
Bb7 9. a3 Bd6 10. O-O O-O 1/2-1/2